Draft strategy for sustainable construction (Record no. 107316)

MARC details
000 -LEADER
fixed length control field 01745cad a22002535a 4500
001 - CONTROL NUMBER
control field L139595
008 - FIXED-LENGTH DATA ELEMENTS--GENERAL INFORMATION
fixed length control field 070731s2007 xxk f f000 0 eng d
035 ## - SYSTEM CONTROL NUMBER
System control number (Sirsi) u139595
041 0# - LANGUAGE CODE
Language code of text/sound track or separate title eng
050 04 - LIBRARY OF CONGRESS CALL NUMBER
Classification number 333.72 $2 18
110 1# - MAIN ENTRY--CORPORATE NAME
Corporate name or jurisdiction name as entry element United Kingdom
Subordinate unit Department for Business, Enterprise and Regulatory Reform
9 (RLIN) 5262
245 00 - TITLE STATEMENT
Title Draft strategy for sustainable construction
Remainder of title a consultation paper
Medium [electronic resource]
260 ## - PUBLICATION, DISTRIBUTION, ETC.
Place of publication, distribution, etc. London
Name of publisher, distributor, etc. BERR
Date of publication, distribution, etc. 2007
520 ## - SUMMARY, ETC.
Summary, etc. Invites feedback on a draft government and industry sustainable construction strategy. The strategy outlines a vision for a sustainable construction industry, and key areas include: reducing the carbon footprint of construction activities; producing zero net waste at construction site level; developing client/industry agreements and initiatives to reduce the carbon footprint and use of resources within the built environment; and improving skills and training to create a safer industry. Mechanisms for achieving the strategy?s vision include: more effective use of government?s procurement power; greater use of sustainable materials; and recognising the importance of design quality. Consultation closes 30 November 2007.
590 ## - LOCAL NOTE (RLIN)
Local note KA
651 #4 - SUBJECT ADDED ENTRY--GEOGRAPHIC NAME
Geographic name United Kingdom
Chronological subdivision
690 ## - LOCAL SUBJECT ADDED ENTRY--TOPICAL TERM (OCLC, RLIN)
Topical term or geographic name as entry element BUILT ENVIRONMENT-SUSTAINABLE CONSTRUCTION
710 1# - ADDED ENTRY--CORPORATE NAME
Corporate name or jurisdiction name as entry element Strategic Forum for Construction
9 (RLIN) 4358
710 1# - ADDED ENTRY--CORPORATE NAME
Corporate name or jurisdiction name as entry element United Kingdom
Subordinate unit Department for Communities and Local Government
9 (RLIN) 4939
710 1# - ADDED ENTRY--CORPORATE NAME
Corporate name or jurisdiction name as entry element United Kingdom
Subordinate unit Department for Environment, Food and Rural Affairs
710 1# - ADDED ENTRY--CORPORATE NAME
Corporate name or jurisdiction name as entry element United Kingdom
Subordinate unit Department for Culture, Media and Sport
856 40 - ELECTRONIC LOCATION AND ACCESS
Uniform Resource Identifier <a href="https://www.berr.gov.uk/consultations/page40642.html">https://www.berr.gov.uk/consultations/page40642.html</a>
Public note View the consultation free of charge at www.berr.gov.uk...
942 ## - ADDED ENTRY ELEMENTS (KOHA)
Suppress in OPAC 0
Holdings
Withdrawn status Lost status Source of classification or shelving scheme Damaged status Not for loan Home library Current library Shelving location Date acquired Total Checkouts Full call number Barcode Date last seen Copy number Price effective from Koha item type
    Dewey Decimal Classification     Virtual Virtual Online 31/07/2007   ONLINE PUBLICATION 139595-2001 06/08/2019 1 06/08/2019 Book